000
00467nam a2200181Ia 4500
008
090123s9999 xx 000 0 und d
082
_b
9162
100
_a
इचनुर शांता
245
_a
सीमातती
250
_a
1
260
_c
1983
300
_a
140
600
_a
इचनुर शांता
630
_a
सीमातती
700
_a
इचनुर शांता
730
_a
सीमातती
942
_c
BOOK
999
_c
47227
_d
47227